[Event "1st Bristol NY Open Tournament"]
[Site "Bristol Bridge & Clifton Chess"]
[Date "2024.12.28"]
[Round "2.1"]
[White "Kothari, Jai"]
[Black "Arkell, Keith C"]
[Result "0-1"]
[WhiteElo "1964"]
[BlackElo "2355"]
[PlyCount "118"]
[GameId "2135207715206695"]
[EventDate "2024.12.27"]
[SourceTitle "Bristol_NY24_Fide_Open"]
[Source "David Tipper"]
[SourceDate "2025.02.16"]
[SourceVersion "1"]
[SourceVersionDate "2025.02.16"]
[SourceQuality "2"]

1. e4 c6 2. d4 d5 3. exd5 cxd5 4. Bd3 Nc6 5. c3 Nf6 6. Bf4 Bg4 7. Qb3 Qd7 8. Nd2 e6 9. Ngf3 Bd6 10. Bxd6 Qxd6 11. O-O O-O 12. Rae1 Bxf3 13. Nxf3 Qc7 14. g3 Rab8 15. a4 a6 16. Ne5 Nxe5 17. Rxe5 b5 18. axb5 axb5 19. Ra1 b4 20. cxb4 Qb6 21. b5 Qxd4 22. Qc3 Qxc3 23. bxc3 Rfc8 24. Ra3 Nd7 25. Re1 g6 26. Bf1 Rc7 27. Rb1 Kf8 28. Rb4 Nb6 29. Be2 Ke7 30. Kf1 Kd6 31. Ke1 Kc5 32. Kd2 Nc8 33. Ra5 Ra7 34. Rba4 Rxa5 35. Rxa5 Nd6 36. Kc2 Rb7 37. f3 Nxb5 38. Bxb5 Kb6 39. Ba6 Ra7 40. Rb5+ Kxa6 41. Rb8 Rb7 42. Rh8 h5 43. g4 hxg4 44. fxg4 Kb6 45. h4 Kc6 46. h5 gxh5 47. gxh5 Kd6 48. h6 f6 49. h7 Ke5 50. Kd3 Rc7 51. Kd2 Rg7 52. Ke2 Kf5 53. Kf2 Re7 54. Ke3 Kg6 55. Kd4 Rxh7 56. Re8 Kf5 57. Kc5 Rc7+ 58. Kd4 Rc4+ 59. Kd3 Rh4 0-1

[Event "1st Bristol NY Open Tournament"]
[Site "Bristol Bridge & Clifton Chess"]
[Date "2024.12.28"]
[Round "2.2"]
[White "Stubbs, Oliver"]
[Black "Meek, Stephen J"]
[Result "1/2-1/2"]
[WhiteElo "2173"]
[BlackElo "1962"]
[PlyCount "113"]
[GameId "2135214539422641"]
[EventDate "2024.12.27"]
[SourceTitle "Bristol_NY24_Fide_Open"]
[Source "David Tipper"]
[SourceDate "2025.02.16"]
[SourceVersion "1"]
[SourceVersionDate "2025.02.16"]
[SourceQuality "2"]

{[%evp 0,50,12,28,31,6,21,19,29,10,12,10,11,9,18,9,31,35,32,31,33,25,27,39,27,35,37,21,21,-1,2,9,9,13,-24,-12,-23,-89,-4,2,-13,25,-26,-12,-51,-1,-130,-126,-139,-110,-97,-213,-112]} 1. e4 c6 2. d4 d5 3. exd5 cxd5 4. Bd3 Nc6 5. c3 Nf6 6. Bf4 Bg4 7. Qb3 Qc8 8. Nd2 e6 9. h3 Bh5 10. Ngf3 Be7 11. O-O O-O 12. Rfe1 a6 13. Ng5 b5 14. a3 Na5 15. Qc2 Bg6 16. Bxg6 hxg6 17. h4 Nc4 18. Ndf3 a5 19. Ne5 Nxe5 20. dxe5 Nd7 21. Qd1 Qc4 22. Qg4 Nc5 23. g3 Nd3 24. Re3 Nxb2 25. h5 Bxg5 26. Qxg5 gxh5 27. Kg2 Nd3 28. Rh1 f6 29. Qxh5 Nxf4+ 30. gxf4 Qxf4 31. Qh7+ Kf7 32. exf6 Qg4+ 33. Rg3 Qe4+ 34. Qxe4 dxe4 35. fxg7 Rg8 36. Rh5 Rxg7 37. Rxg7+ Kxg7 38. Rxb5 Rc8 39. Rxa5 Rxc3 40. Kf1 Kf6 41. Ke2 Rb3 42. Kd2 Rf3 43. Ke2 Rb3 44. a4 Ra3 45. Kd2 Rf3 46. Ke2 Ra3 47. Ra8 Ke5 48. a5 Kd4 49. Rd8+ Ke5 50. Ra8 Kd4 51. a6 Ra2+ 52. Kf1 e3 53. fxe3+ Kxe3 54. a7 e5 55. Re8 Ra1+ 56. Kg2 Rxa7 57. Rxe5+ 1/2-1/2

[Event "1st Bristol NY Open Tournament"]
[Site "Bristol Bridge & Clifton Chess"]
[Date "2024.12.28"]
[Round "2.3"]
[White "Baer, Bruce L"]
[Black "Hill, Alistair"]
[Result "1-0"]
[WhiteElo "1959"]
[BlackElo "2107"]
[PlyCount "41"]
[GameId "2135214493551518"]
[EventDate "2024.12.27"]
[SourceTitle "Bristol_NY24_Fide_Open"]
[Source "David Tipper"]
[SourceDate "2025.02.16"]
[SourceVersion "1"]
[SourceVersionDate "2025.02.16"]
[SourceQuality "2"]

{[%evp 0,37,25,18,22,-6,0,-7,-12,-15,-10,-21,-24,-19,-19,-16,-42,-21,-76,-10,-18,-23,-28,-62,-124,-110,-10,26,166,98,154,164,198,241,345,181,329,342,355,190]} 1. Nf3 c5 2. g3 Nc6 3. Bg2 d5 4. d3 e5 5. O-O Be7 6. e4 d4 7. Na3 Be6 8. Nc4 Qc7 9. a4 h5 10. a5 h4 11. c3 h3 12. Bh1 O-O-O 13. cxd4 cxd4 14. Ncxe5 Nxe5 15. Bf4 Bd6 16. Bxe5 Bxe5 17. Rc1 Kb8 18. Rxc7 Bxc7 19. Ng5 Nf6 20. a6 b6 21. Qa4 1-0

[Event "1st Bristol NY Open Tournament"]
[Site "Bristol Bridge & Clifton Chess"]
[Date "2024.12.28"]
[Round "2.4"]
[White "Beaumont, Chris R"]
[Black "Pugh, Derek C"]
[Result "1/2-1/2"]
[WhiteElo "2161"]
[BlackElo "2033"]
[PlyCount "36"]
[GameId "2135209652545313"]
[EventDate "2024.12.27"]
[SourceTitle "Bristol_NY24_Fide_Open"]
[Source "David Tipper"]
[SourceDate "2025.02.16"]
[SourceVersion "1"]
[SourceVersionDate "2025.02.16"]
[SourceQuality "2"]

1. d4 Nc6 2. d5 Ne5 3. e4 Ng6 4. Nc3 e5 5. Be3 Bb4 6. Nge2 Nf6 7. f3 Ba5 8. d6 O-O 9. h4 cxd6 10. Qxd6 Re8 11. h5 Re6 12. Qd3 Ne7 13. O-O-O d5 14. Nxd5 Nfxd5 15. exd5 Rd6 16. Nc3 Bf5 17. Ne4 Rxd5 18. Qe2 Rxd1+ 1/2-1/2

[Event "1st Bristol NY Open Tournament"]
[Site "Bristol Bridge & Clifton Chess"]
[Date "2024.12.28"]
[Round "2.5"]
[White "Hill, Andy"]
[Black "Bergsson, Stefan"]
[Result "1-0"]
[WhiteElo "1965"]
[BlackElo "2164"]
[PlyCount "91"]
[GameId "2135210428561239"]
[EventDate "2024.12.27"]
[SourceTitle "Bristol_NY24_Fide_Open"]
[Source "David Tipper"]
[SourceDate "2025.02.16"]
[SourceVersion "1"]
[SourceVersionDate "2025.02.16"]
[SourceQuality "2"]

{[%evp 0,46,11,22,12,15,15,12,24,56,15,12,11,11,11,7,-2,0,11,-28,-7,14,19,5,4,1,12,-15,-8,-26,43,103,106,102,237,151,218,-5,206,68,191,216,88,266,252,125,343,100,361]} 1. Nf3 d5 2. e3 Nf6 3. c4 c6 4. Nc3 e6 5. b3 Bd6 6. Bb2 Nbd7 7. d4 O-O 8. Qc2 Qe7 9. Be2 b6 10. O-O Bb7 11. Rfe1 Rfd8 12. e4 Bb4 13. e5 Ne4 14. Bd3 c5 15. Nxe4 dxe4 16. Bxe4 Bxe1 17. Bxb7 Rab8 18. Be4 Bb4 19. a3 Ba5 20. Bxh7+ Kh8 21. Be4 b5 22. d5 Nf8 23. d6 Qd7 24. Ng5 bxc4 25. bxc4 Rb6 26. Qe2 g6 27. Rc1 Rdb8 28. Ba1 Ra6 29. Bd3 Bd8 30. Ne4 Qa4 31. Qe3 Qxa3 32. Bc3 Kg7 33. h4 Rb3 34. h5 Ba5 35. Bxa5 Rxd3 36. Qf4 Rxa5 37. h6+ Kg8 38. Nf6+ Kh8 39. Ne4 Nh7 40. Rb1 Rb3 41. Rd1 Rd3 42. Rf1 Qb2 43. Qxf7 Qxe5 44. Qe8+ Nf8 45. Qxf8+ Kh7 46. Ng5+ 1-0

[Event "1st Bristol NY Open Tournament"]
[Site "Bristol Bridge & Clifton Chess"]
[Date "2024.12.28"]
[Round "2.6"]
[White "Bicknell, Carl"]
[Black "Shepherd, Tom"]
[Result "1/2-1/2"]
[WhiteElo "2101"]
[BlackElo "1900"]
[PlyCount "53"]
[GameId "2135214812089411"]
[EventDate "2024.12.27"]
[SourceTitle "Bristol_NY24_Fide_Open"]
[Source "David Tipper"]
[SourceDate "2025.02.16"]
[SourceVersion "1"]
[SourceVersionDate "2025.02.16"]
[SourceQuality "2"]

1. e4 e5 2. Nf3 Nc6 3. Bb5 g6 4. Nc3 Bg7 5. d3 Nge7 6. h4 d6 7. h5 Bg4 8. hxg6 hxg6 9. Rxh8+ Bxh8 10. Bg5 f6 11. Be3 d5 12. exd5 Nxd5 13. Nxd5 Qxd5 14. Bc4 Qd6 15. Qd2 O-O-O 16. O-O-O f5 17. Bg5 Bf6 18. Rh1 Bxf3 19. gxf3 f4 20. Bxf6 Qxf6 21. Qe1 Rh8 22. Be6+ Kb8 23. Bd5 Rxh1 24. Qxh1 a6 25. Qh3 Qd6 26. Be4 Ne7 27. Qh6 1/2-1/2

[Event "1st Bristol NY Open Tournament"]
[Site "Bristol Bridge & Clifton Chess"]
[Date "2024.12.28"]
[Round "2.7"]
[White "Acharya, Kandara"]
[Black "Davis, Colin J"]
[Result "0-1"]
[WhiteElo "1753"]
[BlackElo "2063"]
[PlyCount "108"]
[GameId "2135215581797461"]
[EventDate "2024.12.27"]
[SourceTitle "Bristol_NY24_Fide_Open"]
[Source "David Tipper"]
[SourceDate "2025.02.16"]
[SourceVersion "1"]
[SourceVersionDate "2025.02.16"]
[SourceQuality "2"]

1. Nf3 d6 2. g3 f5 3. d4 Nf6 4. Bg2 g6 5. O-O Bg7 6. c4 O-O 7. Nc3 c6 8. d5 e5 9. dxe6 Bxe6 10. Qd3 Na6 11. Bf4 Re8 12. Ng5 Ng4 13. Nxe6 Rxe6 14. Rad1 Ne5 15. Bxe5 Bxe5 16. Rfe1 Nc5 17. Qd2 a5 18. e3 a4 19. Ne2 Qb6 20. Nd4 Ree8 21. e4 fxe4 22. Bxe4 Nxe4 23. Rxe4 d5 24. cxd5 Rad8 25. Qe2 Rxd5 26. Re1 Rxd4 27. Rxe5 Rf8 28. Re7 Rd5 29. Re8 Qc5 30. Qe6+ Kg7 31. Rxf8 Qxf8 32. Qe7+ Qf7 33. Qxf7+ Kxf7 34. Re2 b5 35. Kg2 Kf6 36. Kf3 c5 37. Ke4 Ke6 38. f4 Rd4+ 39. Ke3 Kd5 40. Rc2 Rd1 41. Ke2 Rh1 42. Ke3 b4 43. Kd3 Ra1 44. b3 axb3 45. axb3 Rb1 46. Re2 Rxb3+ 47. Kc2 Ra3 48. Kb2 c4 49. Re7 c3+ 50. Kc2 Ra2+ 51. Kb3 Rb2+ 52. Ka4 c2 53. Rc7 b3 54. Ka3 Rb1 0-1

[Event "1st Bristol NY Open Tournament"]
[Site "Bristol Bridge & Clifton Chess"]
[Date "2024.12.28"]
[Round "2.8"]
[White "Ashworth, Michael J"]
[Black "Kumar, Yuvraj"]
[Result "1/2-1/2"]
[WhiteElo "2011"]
[BlackElo "1673"]
[PlyCount "48"]
[GameId "2135348448374901"]
[EventDate "2024.12.27"]
[SourceTitle "Bristol_NY24_Fide_Open"]
[Source "David Tipper"]
[SourceDate "2025.02.16"]
[SourceVersion "1"]
[SourceVersionDate "2025.02.16"]
[SourceQuality "2"]

1. d4 Nf6 2. c4 g6 3. Nc3 Bg7 4. Nf3 O-O 5. g3 d6 6. Bg2 Nbd7 7. O-O c5 8. d5 a6 9. Bf4 Rb8 10. a4 Re8 11. h3 Nb6 12. Nd2 Nh5 13. Bg5 f6 14. Be3 f5 15. a5 Nd7 16. Nf3 Ne5 17. Nxe5 Bxe5 18. Bg5 b5 19. axb6 Rxb6 20. Qd2 Rb4 21. e4 fxe4 22. g4 Nf6 23. Qe2 Qb6 24. Ra2 Rb3 1/2-1/2

[Event "1st Bristol NY Open Tournament"]
[Site "Bristol Bridge & Clifton Chess"]
[Date "2024.12.28"]
[Round "2.9"]
[White "Jones, Timothy M"]
[Black "Varley, Joe"]
[Result "0-1"]
[WhiteElo "1828"]
[BlackElo "1927"]
[PlyCount "40"]
[GameId "2135349409943745"]
[EventDate "2024.12.27"]
[SourceTitle "Bristol_NY24_Fide_Open"]
[Source "David Tipper"]
[SourceDate "2025.02.16"]
[SourceVersion "1"]
[SourceVersionDate "2025.02.16"]
[SourceQuality "2"]

1. d4 Nf6 2. Nf3 g6 3. g3 Bg7 4. Bg2 O-O 5. O-O d5 6. b3 Be6 7. Bb2 Qd7 8. Nbd2 Bh3 9. Ne5 Qe6 10. c4 Bxg2 11. Kxg2 dxc4 12. Ndxc4 Nbd7 13. Rc1 Rad8 14. Qc2 Nd5 15. a3 c6 16. e3 h5 17. Nf3 N7f6 18. Ng5 Qc8 19. h4 Ng4 20. Ne5 Ndxe3+ 0-1

[Event "1st Bristol NY Open Tournament"]
[Site "Bristol Bridge & Clifton Chess"]
[Date "2024.12.28"]
[Round "2.10"]
[White "Norris, Zack"]
[Black "Ashworth, Robert M"]
[Result "1/2-1/2"]
[WhiteElo "1887"]
[BlackElo "1860"]
[PlyCount "127"]
[GameId "2135350325842246"]
[EventDate "2024.12.27"]
[SourceTitle "Bristol_NY24_Fide_Open"]
[Source "David Tipper"]
[SourceDate "2025.02.16"]
[SourceVersion "1"]
[SourceVersionDate "2025.02.16"]
[SourceQuality "2"]

1. c4 e6 2. Nf3 d5 3. g3 Nf6 4. Bg2 Be7 5. O-O O-O 6. d4 c6 7. Qc2 b6 8. Nbd2 Bb7 9. e4 dxc4 10. Nxc4 c5 11. e5 Nd5 12. Rd1 Nc6 13. dxc5 bxc5 14. a3 h6 15. b3 Qc7 16. Bb2 Rfd8 17. Rac1 Rd7 18. Nfd2 Nb6 19. Ne4 Rxd1+ 20. Rxd1 Nxc4 21. Qxc4 Nxe5 22. Qc3 f6 23. f4 Nf7 24. Qf3 f5 25. Qc3 e5 26. fxe5 Bxe4 27. Bxe4 fxe4 28. e6 Bf6 29. exf7+ Qxf7 30. Qc2 Bxb2 31. Qxb2 Rf8 32. Qc2 Qf3 33. Re1 e3 34. Qc4+ Kh8 35. Rf1 e2 36. Rxf3 e1=Q+ 37. Rf1 Rxf1+ 38. Qxf1 Qe3+ 39. Kg2 Qd2+ 40. Qf2 Qd5+ 41. Qf3 Qd2+ 42. Kh3 Qc1 43. a4 Qc2 44. g4 Kg8 45. Qd5+ Kh7 46. Qf5+ Qxf5 47. gxf5 g6 48. Kg4 g5 49. Kh5 Kg7 50. a5 a6 51. h3 Kf6 52. Kxh6 Kxf5 53. Kh5 Kf6 54. Kg4 Kg6 55. Kf3 Kf5 56. Ke3 Ke5 57. Kd3 Kf4 58. Kc4 Kg3 59. Kxc5 Kxh3 60. Kb6 g4 61. Kxa6 g3 62. Kb7 g2 63. a6 g1=Q 64. a7 1/2-1/2

[Event "1st Bristol NY Open Tournament"]
[Site "Bristol Bridge & Clifton Chess"]
[Date "2024.12.28"]
[Round "2.11"]
[White "Kett, Tim"]
[Black "Skalski, Sebastian"]
[Result "1-0"]
[WhiteElo "2114"]
[BlackElo "1858"]
[PlyCount "59"]
[GameId "2135353064587700"]
[EventDate "2024.12.27"]
[SourceTitle "Bristol_NY24_Fide_Open"]
[Source "David Tipper"]
[SourceDate "2025.02.16"]
[SourceVersion "1"]
[SourceVersionDate "2025.02.16"]
[SourceQuality "2"]

1. e4 e6 2. d4 d5 3. Nc3 Nf6 4. Bg5 Be7 5. e5 Nfd7 6. h4 h6 7. Bxe7 Qxe7 8. Qg4 O-O 9. f4 c5 10. dxc5 Nxc5 11. O-O-O Bd7 12. Nf3 f6 13. Bd3 Nxd3+ 14. Rxd3 Nc6 15. Re1 Na5 16. exf6 Qxf6 17. g3 Nc4 18. Ne5 Nxe5 19. Rxe5 Qf7 20. Ne2 Rfe8 21. Nd4 Re7 22. Rde3 Rae8 23. Qe2 Kf8 24. b3 a6 25. Kb2 Bc8 26. a4 Qf6 27. Kb1 Kf7 28. h5 Rc7 29. g4 Rce7 30. g5 1-0

[Event "1st Bristol NY Open Tournament"]
[Site "Bristol Bridge & Clifton Chess"]
[Date "2024.12.28"]
[Round "2.12"]
[White "Chua, Sebastien"]
[Black "Walker, Elmira"]
[Result "1-0"]
[WhiteElo "2003"]
[BlackElo "1762"]
[PlyCount "113"]
[GameId "2135354153398957"]
[EventDate "2024.12.27"]
[SourceTitle "Bristol_NY24_Fide_Open"]
[Source "David Tipper"]
[SourceDate "2025.02.16"]
[SourceVersion "1"]
[SourceVersionDate "2025.02.16"]
[SourceQuality "2"]

1. e4 c6 2. d4 d5 3. e5 Bf5 4. h4 h5 5. Bd3 Bxd3 6. Qxd3 e6 7. Nf3 Ne7 8. O-O Nf5 9. Bg5 Qd7 10. Nbd2 Na6 11. c4 Be7 12. cxd5 cxd5 13. Bxe7 Qxe7 14. g3 O-O 15. a3 Rac8 16. Rac1 Nb8 17. b4 a6 18. Nb3 b6 19. Kg2 Qb7 20. Ng5 Rc4 21. Qf3 Rxc1 22. Qxh5 Nh6 23. Rxc1 Rc8 24. Qd1 Rxc1 25. Qxc1 Qc6 26. Qxc6 Nxc6 27. Nf3 f6 28. Nc1 Kf7 29. Ne2 Na7 30. Nc3 Ke7 31. Kh3 f5 32. Nh2 Nc6 33. Ne2 Na7 34. a4 Nc6 35. b5 axb5 36. axb5 Nb4 37. Nf3 Ng4 38. Kg2 Nd3 39. Nf4 Ndxf2 40. Ng5 Ne4 41. Ngxe6 Nc3 42. Nc7 Ne3+ 43. Kf3 Nc2 44. Ncxd5+ Nxd5 45. Nxd5+ Ke6 46. Nf4+ Ke7 47. Ne2 Na3 48. Nc3 Nc2 49. d5 g6 50. Kf4 Nd4 51. Kg5 Kf7 52. e6+ Kg7 53. e7 Kf7 54. d6 Ne6+ 55. Kh6 f4 56. Nd5 fxg3 57. d7 1-0

[Event "1st Bristol NY Open Tournament"]
[Site "Bristol Bridge & Clifton Chess"]
[Date "2024.12.28"]
[Round "2.13"]
[White "Dilleigh, Stephen P"]
[Black "Bain, Oli"]
[Result "1-0"]
[WhiteElo "2040"]
[BlackElo "1696"]
[PlyCount "71"]
[GameId "2135356494377953"]
[EventDate "2024.12.27"]
[SourceTitle "Bristol_NY24_Fide_Open"]
[Source "David Tipper"]
[SourceDate "2025.02.16"]
[SourceVersion "1"]
[SourceVersionDate "2025.02.16"]
[SourceQuality "2"]

1. Nf3 Nf6 2. c4 b6 3. g3 Bb7 4. Bg2 e6 5. O-O d5 6. cxd5 exd5 7. d4 Bd6 8. Nc3 O-O 9. Nb5 c5 10. Nxd6 Qxd6 11. Bf4 Qe7 12. dxc5 bxc5 13. Qc2 Nbd7 14. Rfe1 Rfe8 15. Rac1 Ne4 16. Nd2 f5 17. Nxe4 fxe4 18. Bh3 c4 19. b3 Nb6 20. Be3 Ba6 21. Bd4 Bc8 22. Bg2 Ba6 23. Qc3 Bb5 24. f3 cxb3 25. fxe4 dxe4 26. Qxb3+ Bc4 27. Rxc4 Nxc4 28. Qxc4+ Kh8 29. Rc1 Qe6 30. Qxe6 Rxe6 31. Rc7 Rb8 32. Rxg7 Rb1+ 33. Kf2 e3+ 34. Kf3 Rb4 35. Rg4+ Rxd4 36. Rxd4 1-0

[Event "1st Bristol NY Open Tournament"]
[Site "Bristol Bridge & Clifton Chess"]
[Date "2024.12.28"]
[Round "2.14"]
[White "Gillings, Matt"]
[Black "Williams, Stephen"]
[Result "1-0"]
[WhiteElo "1958"]
[BlackElo "1682"]
[PlyCount "83"]
[GameId "2135357547570194"]
[EventDate "2024.12.27"]
[SourceTitle "Bristol_NY24_Fide_Open"]
[Source "David Tipper"]
[SourceDate "2025.02.16"]
[SourceVersion "1"]
[SourceVersionDate "2025.02.16"]
[SourceQuality "2"]

1. c4 c5 2. Nf3 Nc6 3. d4 cxd4 4. Nxd4 Nf6 5. Nc3 g6 6. e4 Bg7 7. Be3 O-O 8. Be2 d6 9. h3 Qa5 10. O-O Bd7 11. Nb3 Qd8 12. Qd2 Rc8 13. Rfd1 b6 14. Nd4 Na5 15. b3 Nb7 16. Rac1 Nc5 17. Bf3 Ne6 18. Nc2 Qc7 19. Nd5 Qd8 20. Ncb4 Ne8 21. Nc3 N8c7 22. Nbd5 Qe8 23. a4 Nc5 24. Qa2 Nxd5 25. exd5 a5 26. Bd4 Bh6 27. Rc2 Qd8 28. Re2 Re8 29. Ne4 Qc7 30. Ng3 Rb8 31. Qc2 Qc8 32. Bb2 Qc7 33. Qc3 f6 34. Rde1 Bf8 35. Qc2 Rbc8 36. Be4 Qd8 37. Bxg6 hxg6 38. Qxg6+ Kh8 39. Re4 Nxe4 40. Rxe4 Bg7 41. Rh4+ Kg8 42. Rh7 1-0

[Event "1st Bristol NY Open Tournament"]
[Site "Bristol Bridge & Clifton Chess"]
[Date "2024.12.28"]
[Round "2.15"]
[White "Sharp, Nigel"]
[Black "Guilfoyle, John M"]
[Result "0-1"]
[WhiteElo "1681"]
[BlackElo "1983"]
[PlyCount "110"]
[GameId "2135361208537219"]
[EventDate "2024.12.27"]
[SourceTitle "Bristol_NY24_Fide_Open"]
[Source "David Tipper"]
[SourceDate "2025.02.16"]
[SourceVersion "1"]
[SourceVersionDate "2025.02.16"]
[SourceQuality "2"]

1. e4 c5 2. Nc3 Nc6 3. f4 g6 4. Nf3 Bg7 5. Be2 d6 6. O-O e6 7. Qe1 Nge7 8. d3 O-O 9. Kh1 Nd4 10. Nxd4 cxd4 11. Nd1 Bd7 12. Bf3 Rc8 13. c4 dxc3 14. Nxc3 a6 15. e5 Bc6 16. d4 Bxf3 17. Rxf3 d5 18. Be3 Qd7 19. b3 b5 20. Rc1 Rc7 21. Bf2 Rfc8 22. Ne2 Rxc1 23. Nxc1 Rc2 24. Rc3 Rxc3 25. Qxc3 Qc6 26. Qxc6 Nxc6 27. Nd3 Bf8 28. Nc5 Bxc5 29. dxc5 g5 30. g3 gxf4 31. gxf4 Kf8 32. Kg2 Ke8 33. Kf3 Kd7 34. a3 Na5 35. b4 Nc4 36. Kg4 Nxa3 37. Be1 Nc2 38. Bd2 Nd4 39. h4 Ke7 40. Bc3 Nf5 41. h5 d4 42. Bd2 h6 43. Kf3 Kd7 44. Be1 Kc6 45. Ke4 Ng7 46. Kxd4 Nxh5 47. Ke4 Ng7 48. Bh4 Nf5 49. Bf2 h5 50. Kf3 Kd5 51. Ke2 Ke4 52. c6 Ne7 53. c7 Kxf4 54. Bc5 Nc8 55. Bd6 Kf5 0-1

[Event "1st Bristol NY Open Tournament"]
[Site "Bristol Bridge & Clifton Chess"]
[Date "2024.12.28"]
[Round "2.16"]
[White "Miller, George I"]
[Black "Hawkins, Robert"]
[Result "1-0"]
[WhiteElo "1881"]
[BlackElo "1512"]
[PlyCount "113"]
[GameId "2135362896281814"]
[EventDate "2024.12.27"]
[SourceTitle "Bristol_NY24_Fide_Open"]
[Source "David Tipper"]
[SourceDate "2025.02.16"]
[SourceVersion "1"]
[SourceVersionDate "2025.02.16"]
[SourceQuality "2"]

1. e4 c6 2. d4 d5 3. exd5 cxd5 4. Bd3 Nc6 5. c3 e6 6. Bf4 Bd6 7. Qg4 Bxf4 8. Qxf4 Qf6 9. Qg3 e5 10. dxe5 Qxe5+ 11. Qxe5+ Nxe5 12. Bb5+ Bd7 13. Na3 a6 14. Bxd7+ Nxd7 15. O-O-O Ngf6 16. Ne2 O-O 17. Nf4 Nb6 18. Nc2 Rad8 19. Rhe1 g5 20. Nd3 Rfe8 21. Nc5 Rxe1 22. Rxe1 Rb8 23. Re7 Kf8 24. Rxb7 Rxb7 25. Nxb7 Ng4 26. Nb4 Nxf2 27. h3 h5 28. b3 f5 29. Nxa6 h4 30. Nd6 f4 31. Kd2 Ke7 32. Nf5+ Ke6 33. Nd4+ Ke5 34. Nf3+ Kf5 35. a4 Ne4+ 36. Kd3 Nf2+ 37. Kd4 g4 38. hxg4+ Kxg4 39. a5 Nd7 40. Nc5 Nb8 41. Kxd5 h3 42. Ne5+ Kg3 43. gxh3 Nxh3 44. a6 Nxa6 45. Nxa6 Ng5 46. Nc5 f3 47. Nxf3 Nxf3 48. Ne4+ Kf4 49. b4 Ne5 50. b5 Nd7 51. Nd6 Nb6+ 52. Kc6 Na4 53. c4 Ke5 54. b6 Nxb6 55. Kxb6 Kxd6 56. c5+ Kd7 57. Kb7 1-0

[Event "1st Bristol NY Open Tournament"]
[Site "Bristol Bridge & Clifton Chess"]
[Date "2024.12.28"]
[Round "2.17"]
[White "Roberts, Shane"]
[Black "Jennings, Michael"]
[Result "1-0"]
[WhiteElo "1806"]
[BlackElo "1441"]
[PlyCount "71"]
[GameId "2135365739287033"]
[EventDate "2024.12.27"]
[SourceTitle "Bristol_NY24_Fide_Open"]
[Source "David Tipper"]
[SourceDate "2025.02.16"]
[SourceVersion "1"]
[SourceVersionDate "2025.02.16"]
[SourceQuality "2"]

1. e4 c5 2. c3 d5 3. exd5 Qxd5 4. d4 Nc6 5. Nf3 Bg4 6. Be2 cxd4 7. cxd4 Nf6 8. h3 Bh5 9. Nc3 Qa5 10. O-O e6 11. a3 Be7 12. Be3 O-O 13. Qb3 Qc7 14. Rac1 Rad8 15. Rfd1 Nd5 16. Nxd5 exd5 17. g4 Bg6 18. Ne5 Bf6 19. Nxg6 hxg6 20. Bf3 Rd7 21. Bxd5 Qd6 22. Bxc6 bxc6 23. d5 Qc7 24. Rxc6 Qd8 25. Rd2 Re8 26. Qd3 Bg5 27. Bxg5 Qxg5 28. d6 Qe5 29. b4 Qe1+ 30. Kg2 Red8 31. Re2 Qa1 32. g5 f6 33. Qxg6 Qd4 34. Re8+ Rxe8 35. Qxe8+ Kh7 36. Qh5+ 1-0

[Event "1st Bristol NY Open Tournament"]
[Site "Bristol Bridge & Clifton Chess"]
[Date "2024.12.28"]
[Round "2.18"]
[White "Patel, Diah"]
[Black "Ingham, H William"]
[Result "0-1"]
[WhiteElo "1436"]
[BlackElo "1785"]
[PlyCount "120"]
[GameId "2135367606379583"]
[EventDate "2024.12.27"]
[SourceTitle "Bristol_NY24_Fide_Open"]
[Source "David Tipper"]
[SourceDate "2025.02.16"]
[SourceVersion "1"]
[SourceVersionDate "2025.02.16"]
[SourceQuality "2"]

1. d4 Nf6 2. c4 d6 3. Nc3 Nbd7 4. Bg5 h6 5. Bh4 g5 6. Bg3 Nh5 7. Nf3 Bg7 8. e3 Nxg3 9. fxg3 e5 10. d5 Nf6 11. e4 c6 12. Be2 O-O 13. O-O Ng4 14. Qd2 Qb6+ 15. Kh1 Nf2+ 16. Rxf2 Qxf2 17. dxc6 bxc6 18. Qxd6 Be6 19. c5 Rfd8 20. Qxc6 Rac8 21. Qb7 Qxc5 22. Rf1 Rb8 23. Qa6 Rd6 24. Qa4 Bd7 25. Qc2 Rdb6 26. b3 Rc8 27. Bc4 Bc6 28. Ne2 Bb5 29. Nd2 Bxc4 30. Nxc4 Qb4 31. Qd3 Rxc4 32. bxc4 Rd6 33. Qf3 Rf6 34. Nf4 exf4 35. e5 Rf5 36. e6 fxe6 37. Qa8+ Rf8 38. Qe4 Qd6 39. c5 Qd5 40. Qb4 fxg3 41. Rxf8+ Bxf8 42. Qb1 Qf5 43. Qd1 Bxc5 44. hxg3 Qd5 45. Qc2 Kg7 46. Qc3+ Qd4 47. Qe1 e5 48. Kh2 e4 49. Qa5 Qd6 50. Qc3+ Bd4 51. Qb3 Bb6 52. Qb2+ Qf6 53. Qb4 e3 54. Qe4 Qd6 55. Qb7+ Bc7 56. Qf3 Qe5 57. Qg4 Kg6 58. Qh3 e2 59. Qc8 Qxg3+ 60. Kg1 e1=Q# 0-1

[Event "1st Bristol NY Open Tournament"]
[Site "Bristol Bridge & Clifton Chess"]
[Date "2024.12.28"]
[Round "2.20"]
[White "Hardy, Roger"]
[Black "Griffiths, Hayden"]
[Result "1/2-1/2"]
[WhiteElo "1904"]
[BlackElo "1767"]
[PlyCount "58"]
[GameId "2135814775916018"]
[EventDate "2024.12.27"]
[SourceTitle "Bristol_NY24_Fide_Open"]
[Source "David Tipper"]
[SourceDate "2025.02.16"]
[SourceVersion "1"]
[SourceVersionDate "2025.02.16"]
[SourceQuality "2"]

1. d4 d5 2. c4 e5 3. dxe5 d4 4. a3 Nc6 5. Nf3 Nge7 6. g3 Ng6 7. Bg2 Ngxe5 8. Nxe5 Nxe5 9. O-O Be7 10. Bf4 Ng6 11. Nd2 Nxf4 12. gxf4 O-O 13. Nf3 Bf6 14. Qd2 c5 15. Rac1 Bf5 16. Ne5 Qc7 17. b4 Rfe8 18. Nd3 cxb4 19. axb4 Rad8 20. c5 Be4 21. Bxe4 Rxe4 22. b5 Qd7 23. c6 bxc6 24. bxc6 Qg4+ 25. Kh1 Rxe2 26. Qd1 Qf3+ 27. Kg1 Bh4 28. c7 Qg4+ 29. Kh1 Qf3+ 1/2-1/2

[Event "1st Bristol NY Open Tournament"]
[Site "Bristol Bridge & Clifton Chess"]
[Date "2024.12.28"]
[Round "2.21"]
[White "Zheng, Lucas"]
[Black "Plotnikov, Dmytro"]
[Result "0-1"]
[WhiteElo "1502"]
[BlackElo "1712"]
[PlyCount "40"]
[GameId "2135816809387597"]
[EventDate "2024.12.27"]
[SourceTitle "Bristol_NY24_Fide_Open"]
[Source "David Tipper"]
[SourceDate "2025.02.16"]
[SourceVersion "1"]
[SourceVersionDate "2025.02.16"]
[SourceQuality "2"]

1. e4 c5 2. Nf3 Nc6 3. d4 cxd4 4. Nxd4 e5 5. Nb5 d6 6. Be3 a6 7. N5c3 Nf6 8. Nd2 Ng4 9. Qe2 Nxe3 10. Qxe3 Nd4 11. O-O-O Be6 12. Bc4 Bxc4 13. Nxc4 b5 14. Nd2 Rc8 15. f4 b4 16. Ne2 Nxc2 17. Qf2 Na3+ 18. Nc4 Nxc4 19. Kb1 Qb6 20. Qe1 Na3+ 0-1